000 00436nam a2200181Ia 4500
001 24247
005 20260414151030.0
008 260414t2008||||xx |||||||||||||| ||spa||
041 _aESP
082 _a345.2
_bC19 2008
100 _aCalderón Cruz, Edmundo Pedro
_eAUT
245 0 _aLa detención preliminar
_b
260 _c2008
300 _a262 páginas :
_ccm.
650 _aDER
654 _aCDE
942 _cLIB
_dJUS
_fJUS
_2ddc
_n
999 _c24247
_d24247